[Event "Titled Tuesday intern op 16th Apr Early"]
[Site "Chess.com INT"]
[Date "2024.04.16"]
[Round "4"]
[White "Alekseenko, Kirill"]
[Black "Gorovets, Andrey"]
[Result "0-1"]
[WhiteElo "2655"]
[BlackElo "2480"]
[PlyCount "88"]
[EventDate "2024.04.16"]
[EventType "swiss (blitz)"]
[EventRounds "11"]
[EventCountry "USA"]
[SourceTitle "CB17_2024"]
[SourceDate "2024.04.24"]
[SourceVersion "1"]
[SourceVersionDate "2024.04.24"]
[SourceQuality "1"]

1. e4 c5 2. Nf3 Nc6 3. Nc3 e6 4. h3 a6 5. d4 cxd4 6. Nxd4 Qc7 7. Nxc6 bxc6 8. Bd3 Nf6 9. 0-0 d5 10. Re1 Bd6 11. Qe2 e5 12. Bg5 Be6 13. Bxf6 gxf6 14. Qf3 d4 15. Ne2 c5 16. b3 Rg8 17. Ng3 Ke7 18. Rac1 Qb7 19. Bc4 Rg5 20. h4 Rg6 21. Nf5+ Bxf5 22. Qxf5 Qc8 23. Qxc8 Rxc8 24. Bxa6 Ra8 25. Bd3 Rg4 26. g3 c4 27. Bxc4 Bb4 28. Rf1 Rxa2 29. Be2 Rxe4 30. Bf3 f5 31. Kg2 Bc3 32. Bxe4 fxe4 33. g4 Ke6 34. Rh1 Kd5 35. h5 Bd2 36. Ra1 Rxc2 37. Ra7 Ke6 38. Ra6+ Ke7 39. h6 Be3 40. Rf1 d3 41. Ra4 Bd4 42. Kg3 Rc3 43. g5 d2+ 44. Kg4 Rc1 0-1

[Event "Titled Tuesday intern op 16th Apr Early"]
[Site "Chess.com INT"]
[Date "2024.04.16"]
[Round "2"]
[White "Doshi, Moksh Amitbhai"]
[Black "Alekseenko, Kirill"]
[Result "0-1"]
[WhiteElo "2342"]
[BlackElo "2655"]
[PlyCount "54"]
[EventDate "2024.04.16"]
[EventType "swiss (blitz)"]
[EventRounds "11"]
[EventCountry "USA"]
[SourceTitle "CB17_2024"]
[SourceDate "2024.04.24"]
[SourceVersion "1"]
[SourceVersionDate "2024.04.24"]
[SourceQuality "1"]

1. d4 d5 2. c4 dxc4 3. Nf3 a6 4. e3 Bg4 5. Bxc4 e6 6. h3 Bh5 7. Nc3 Nc6 8. 0-0 Nf6 9. Be2 Bd6 10. e4 Bxf3 11. Bxf3 Nxd4 12. e5 Nxf3+ 13. Qxf3 Bxe5 14. Qxb7 0-0 15. Rd1 Qb8 16. Qc6 h6 17. Qc5 Bd6 18. Qd4 Rd8 19. Qh4 Be7 20. Qg3 Rxd1+ 21. Nxd1 Qb4 22. Bxh6 Qe1+ 23. Kh2 Bd6 24. Bf4 Nh5 25. Qf3 Bxf4+ 26. g3 Bxg3+ 27. fxg3 Rd8 0-1

[Event "Menorca op 3rd"]
[Site "Ciutadella de Menorca"]
[Date "2024.04.05"]
[Round "6"]
[White "Dardha, Daniel"]
[Black "Alekseenko, Kirill"]
[Result "1-0"]
[WhiteElo "2630"]
[BlackElo "2655"]
[PlyCount "53"]
[EventDate "2024.04.02"]
[EventType "swiss"]
[EventRounds "9"]
[EventCountry "ESP"]
[SourceTitle "CB15_2024"]
[SourceDate "2024.04.10"]
[SourceVersion "1"]
[SourceVersionDate "2024.04.10"]
[SourceQuality "1"]

1. d4 Nf6 2. c4 e6 3. Nf3 d5 4. Nc3 dxc4 5. e3 a6 6. a4 b6 7. Bxc4 Bb7 8. 0-0 c5 9. Qe2 Qc7 10. Rd1 Nbd7 11. d5 exd5 12. Nxd5 Nxd5 13. e4 N5f6 14. e5 Be7 15. Bf4 Nd5 16. Rxd5 0-0 17. e6 Qxf4 18. Rxd7 Bxf3 19. exf7+ Kh8 20. Qxf3 Qxf3 21. gxf3 Bf6 22. Re1 b5 23. axb5 axb5 24. Bxb5 Bxb2 25. Bc6 Ra1 26. Rxa1 Bxa1 27. Rd8 1-0

[Event "Menorca op 3rd"]
[Site "Ciutadella de Menorca"]
[Date "2024.04.04"]
[Round "4"]
[White "Iermito, Sebastian"]
[Black "Alekseenko, Kirill"]
[Result "1/2-1/2"]
[WhiteElo "2511"]
[BlackElo "2655"]
[PlyCount "114"]
[EventDate "2024.04.02"]
[EventType "swiss"]
[EventRounds "9"]
[EventCountry "ESP"]
[SourceTitle "CB15_2024"]
[SourceDate "2024.04.10"]
[SourceVersion "1"]
[SourceVersionDate "2024.04.10"]
[SourceQuality "1"]

1. Nf3 d5 2. g3 b6 3. c4 dxc4 4. Na3 Bb7 5. Nxc4 Nd7 6. Bg2 e6 7. 0-0 Be7 8. d4 Ngf6 9. Nce5 Nxe5 10. Nxe5 Bxg2 11. Kxg2 0-0 12. Qa4 c5 13. Nc6 Qd7 14. Nxe7+ Qxe7 15. dxc5 Qxc5 16. Qb3 Rac8 17. Rd1 Ng4 18. Qf3 Ne5 19. Qe4 f5 20. Qe3 Qc6+ 21. f3 Nc4 22. Qb3 e5 23. Be3 f4 24. gxf4 exf4 25. Bd4 Rfe8 26. Re1 Rcd8 27. Rad1 Qe6 28. Kh1 Rd7 29. Bc3 Red8 30. Rc1 Rc8 31. Rcd1 Rcc7 32. Rxd7 Rxd7 33. Qb5 h6 34. Rg1 Kh7 35. Qa4 a6 36. Qc2+ Kg8 37. b3 Ne3 38. Qc1 Nd5 39. Ba1 g5 40. Qb2 Kh7 41. Qb1+ Qg6 42. Qb2 Qf5 43. Qh8+ Kg6 44. Qe8+ Qf7 45. Qe4+ Kh5 46. Qb1 Qe6 47. Qd3 Ne3 48. Qc3 Nf5 49. Re1 Re7 50. Qc2 Ng3+ 51. hxg3 Qh3+ 52. Kg1 Qxg3+ 53. Kf1 Qh3+ 54. Kf2 Qh2+ 55. Kf1 Qh1+ 56. Kf2 Qh2+ 57. Kf1 Qh1+ 1/2-1/2

[Event "Menorca op 3rd"]
[Site "Ciutadella de Menorca"]
[Date "2024.04.03"]
[Round "2"]
[White "Divya, Deshmukh"]
[Black "Alekseenko, Kirill"]
[Result "0-1"]
[WhiteElo "2427"]
[BlackElo "2655"]
[PlyCount "92"]
[EventDate "2024.04.02"]
[EventType "swiss"]
[EventRounds "9"]
[EventCountry "ESP"]
[SourceTitle "CB15_2024"]
[SourceDate "2024.04.10"]
[SourceVersion "1"]
[SourceVersionDate "2024.04.10"]
[SourceQuality "1"]

1. e4 e5 2. Nf3 Nc6 3. Bb5 a6 4. Ba4 Nf6 5. 0-0 Be7 6. Re1 b5 7. Bb3 d6 8. c3 0-0 9. h3 h6 10. d4 Bd7 11. Nbd2 Re8 12. Nf1 a5 13. Ng3 a4 14. Bc2 Bf8 15. Bd2 Na7 16. b3 axb3 17. axb3 Qb8 18. Be3 Nc8 19. Qd2 Qb7 20. Kh2 Rxa1 21. Rxa1 c5 22. d5 Ne7 23. b4 Ng6 24. Bd3 Ra8 25. Qb2 c4 26. Bb1 Ne8 27. Ne1 Rxa1 28. Qxa1 f5 29. Qa7 Qxa7 30. Bxa7 fxe4 31. Bxe4 Nf4 32. Nc2 Nf6 33. Ne3 Be8 34. Bb8 Bf7 35. Bf5 N4xd5 36. Nxd5 Bxd5 37. Bg6 Bf7 38. Bf5 g6 39. Bc8 Be8 40. Be6+ Kg7 41. f3 Bd7 42. Bxd7 Nxd7 43. Bc7 Kf7 44. h4 d5 45. f4 d4 46. Ne4 Nf6 0-1

[Event "San Vicente op 8th"]
[Site "San Vicente"]
[Date "2024.04.01"]
[Round "9"]
[White "Alekseenko, Kirill"]
[Black "Kourkoulos Arditis, Stamatis"]
[Result "1-0"]
[WhiteElo "2650"]
[BlackElo "2556"]
[PlyCount "93"]
[EventDate "2024.03.27"]
[EventType "swiss"]
[EventRounds "9"]
[EventCountry "ESP"]
[SourceTitle "CB14_2024"]
[SourceDate "2024.04.01"]
[SourceVersion "1"]
[SourceVersionDate "2024.04.01"]
[SourceQuality "1"]

1. e4 e5 2. Nf3 Nc6 3. Bc4 Bc5 4. d3 Nf6 5. Nc3 h6 6. a3 a6 7. Be3 d6 8. Bxc5 dxc5 9. Nd5 0-0 10. 0-0 Re8 11. Ne3 Qd6 12. a4 b6 13. Nh4 Ne7 14. g3 g5 15. Nhg2 Ng6 16. h4 gxh4 17. Kh2 h5 18. Nxh4 Nxh4 19. gxh4 Qe7 20. f3 Kh8 21. Qe1 Rg8 22. Qf2 Bd7 23. Rg1 c6 24. Bb3 Nh7 25. f4 exf4 26. Qxf4 Bg4 27. Qf2 Qe5+ 28. Kh1 Rg6 29. Nxg4 hxg4 30. Qg3 Qxb2 31. Bxf7 Rg7 32. Bb3 c4 33. Rab1 Qd4 34. Bxc4 b5 35. axb5 axb5 36. Bb3 Nf6 37. Rbf1 Nh5 38. Qe1 Re8 39. Rf5 Re5 40. Rgf1 Qd6 41. Rxe5 Qxe5 42. Rf8+ Kh7 43. Qe3 Qd6 44. Qf2 g3 45. Qf5+ Qg6 46. Qc8 g2+ 47. Kg1 1-0

[Event "San Vicente op 8th"]
[Site "San Vicente"]
[Date "2024.03.31"]
[Round "7"]
[White "Alekseenko, Kirill"]
[Black "Heimann, Mark A"]
[Result "1-0"]
[WhiteElo "2650"]
[BlackElo "2435"]
[PlyCount "65"]
[EventDate "2024.03.27"]
[EventType "swiss"]
[EventRounds "9"]
[EventCountry "ESP"]
[SourceTitle "CB14_2024"]
[SourceDate "2024.04.01"]
[SourceVersion "1"]
[SourceVersionDate "2024.04.01"]
[SourceQuality "1"]

1. e4 e5 2. Nf3 Nc6 3. Bb5 a6 4. Ba4 Nge7 5. c3 Ng6 6. 0-0 d5 7. exd5 Qxd5 8. d4 Bg4 9. Nbd2 exd4 10. Re1+ Be7 11. cxd4 0-0-0 12. Bb3 Qf5 13. h3 Bxf3 14. Nxf3 Nh4 15. Re3 Qh5 16. d5 Bf6 17. Nxh4 Qxh4 18. Qd3 Kb8 19. Re4 Qh5 20. Bf4 Be5 21. Be3 Qf5 22. g4 Qg6 23. Qc2 f5 24. dxc6 fxe4 25. Qc5 Qxc6 26. Qxe5 Rhe8 27. Qxg7 h5 28. Rc1 Qd6 29. gxh5 Rd7 30. Qg6 Qf8 31. h6 Rd6 32. Qf7 Rxh6 33. Bxh6 1-0

[Event "Titled Tuesday intern op 12th Mar Late"]
[Site "Chess.com INT"]
[Date "2024.03.12"]
[Round "4"]
[White "Albornoz Cabrera, Carlos Daniel"]
[Black "Alekseenko, Kirill"]
[Result "1-0"]
[WhiteElo "2603"]
[BlackElo "2650"]
[PlyCount "69"]
[EventDate "2024.03.12"]
[EventType "swiss (blitz)"]
[EventRounds "11"]
[EventCountry "USA"]
[SourceTitle "CB12_2024"]
[SourceDate "2023.10.01"]
[SourceVersion "1"]
[SourceVersionDate "2023.10.01"]
[SourceQuality "1"]

1. e4 e5 2. Nf3 Nc6 3. Bb5 a6 4. Ba4 d6 5. c3 Bd7 6. d4 Nge7 7. d5 Nb8 8. c4 Ng6 9. Nc3 Be7 10. g3 0-0 11. Bxd7 Qxd7 12. h4 f5 13. h5 Nh8 14. Qe2 c6 15. Be3 b5 16. dxc6 Nxc6 17. cxb5 axb5 18. Qxb5 fxe4 19. Qd5+ Nf7 20. Qxe4 Rfb8 21. h6 g6 22. 0-0 Rb4 23. Qc2 d5 24. Rfd1 d4 25. Ne4 Qb7 26. Bg5 Rxb2 27. Qc4 Bf8 28. Rac1 Na5 29. Qd3 Rxa2 30. Rb1 Qa7 31. Rb5 Rb8 32. Nxe5 Rxb5 33. Qxb5 d3 34. Qd5 Rxf2 35. Nxf2 1-0

[Event "Titled Tuesday intern op 12th Mar Late"]
[Site "Chess.com INT"]
[Date "2024.03.12"]
[Round "7"]
[White "Alekseenko, Kirill"]
[Black "Christiansen, Johan Sebastian"]
[Result "1-0"]
[WhiteElo "2650"]
[BlackElo "2633"]
[PlyCount "121"]
[EventDate "2024.03.12"]
[EventType "swiss (blitz)"]
[EventRounds "11"]
[EventCountry "USA"]
[SourceTitle "CB12_2024"]
[SourceDate "2023.10.01"]
[SourceVersion "1"]
[SourceVersionDate "2023.10.01"]
[SourceQuality "1"]

1. e4 e5 2. Nf3 Nc6 3. Bc4 Nf6 4. d3 h6 5. h3 g6 6. a4 Bg7 7. a5 0-0 8. Nc3 d6 9. 0-0 Kh7 10. a6 b6 11. Be3 Na5 12. b4 Nxc4 13. dxc4 Be6 14. Qd3 Nh5 15. g4 Qf6 16. Kg2 Nf4+ 17. Bxf4 exf4 18. Nd5 Qd8 19. Rad1 Be5 20. b5 Bg7 21. Nxf4 Bd7 22. Nd5 Re8 23. Rfe1 Rc8 24. Nd4 c6 25. bxc6 Bxc6 26. Nxc6 Rxc6 27. Ne3 Qc8 28. Qd5 Re7 29. Rd3 Re6 30. Ra3 Bb2 31. Ra4 Bg7 32. Rd1 Qe8 33. Ra3 Rxe4 34. h4 Re5 35. Qd3 Kg8 36. h5 gxh5 37. gxh5 Rxh5 38. Kf1 Rg5 39. Ke2 Rcc5 40. Rb3 Rce5 41. Qxd6 Re6 42. Qd8 Be5 43. Qxe8+ Rxe8 44. Rd7 Bf4 45. Rxa7 Ra5 46. Rxb6 Ra2 47. Kf3 Bxe3 48. fxe3 Rxc2 49. Rc7 Rc3 50. Rf6 Rcxe3+ 51. Kg2 Re2+ 52. Rf2 Rxf2+ 53. Kxf2 Ra8 54. a7 Kg7 55. c5 Kf6 56. Rd7 Ke6 57. c6 h5 58. Kg3 Kf5 59. c7 Ke6 60. Rd8 Rxa7 61. c8Q+ 1-0

[Event "Titled Tuesday intern op 12th Mar Late"]
[Site "Chess.com INT"]
[Date "2024.03.12"]
[Round "10"]
[White "Alekseenko, Kirill"]
[Black "Mikaelyan, Arman"]
[Result "1-0"]
[WhiteElo "2650"]
[BlackElo "2508"]
[PlyCount "121"]
[EventDate "2024.03.12"]
[EventType "swiss (blitz)"]
[EventRounds "11"]
[EventCountry "USA"]
[SourceTitle "CB12_2024"]
[SourceDate "2023.10.01"]
[SourceVersion "1"]
[SourceVersionDate "2023.10.01"]
[SourceQuality "1"]

1. e4 c5 2. Nf3 Nc6 3. Nc3 e5 4. Bc4 Be7 5. d3 d6 6. Nd2 Nf6 7. Nf1 Bg4 8. Qd2 Be6 9. Ne3 0-0 10. 0-0 a6 11. a4 Nb4 12. b3 d5 13. exd5 Nfxd5 14. Ncxd5 Nxd5 15. Nxd5 Bxd5 16. Bxd5 Qxd5 17. a5 Rad8 18. Ra4 f5 19. Qe2 Bf6 20. f3 Rfe8 21. Rc4 e4 22. fxe4 Bd4+ 23. Be3 fxe4 24. Bxd4 cxd4 25. Rc7 exd3 26. Qxd3 Rd7 27. Rxd7 Qxd7 28. Qc4+ Kh8 29. Rd1 Qf5 30. h3 Qxa5 31. Qxd4 h6 32. b4 Qe5 33. Qd7 Re7 34. Qc8+ Kh7 35. Rd3 Qe1+ 36. Kh2 Qxb4 37. Qf5+ g6 38. Qf6 Qe4 39. Rd8 Qe5+ 40. Qxe5 Rxe5 41. Rd7+ Kg8 42. Rxb7 Rc5 43. Rb2 Kg7 44. Kg3 h5 45. Kf4 Kh6 46. Ke4 Kg5 47. Kd4 Rc8 48. c4 Kf4 49. c5 g5 50. Kd5 Kg3 51. c6 g4 52. hxg4 hxg4 53. Kd6 a5 54. c7 a4 55. Kd7 a3 56. Ra2 Ra8 57. c8Q Rxc8 58. Kxc8 Kh2 59. Kd7 g3 60. Ke6 Kh1 61. Kf5 1-0

[Event "Titled Tuesday intern op 12th Mar Early"]
[Site "Chess.com INT"]
[Date "2024.03.12"]
[Round "9"]
[White "Makarian, Rudik"]
[Black "Alekseenko, Kirill"]
[Result "1-0"]
[WhiteElo "2525"]
[BlackElo "2650"]
[PlyCount "109"]
[EventDate "2024.03.12"]
[EventType "swiss (blitz)"]
[EventRounds "11"]
[EventCountry "USA"]
[SourceTitle "CB12_2024"]
[SourceDate "2023.10.01"]
[SourceVersion "1"]
[SourceVersionDate "2023.10.01"]
[SourceQuality "1"]

1. d4 Nf6 2. c4 e6 3. Nf3 d5 4. g3 Bb4+ 5. Bd2 Be7 6. Qc2 0-0 7. Bg2 Nbd7 8. 0-0 c6 9. Bf4 b6 10. Nbd2 Nh5 11. e3 Bb7 12. cxd5 exd5 13. Nb1 Nxf4 14. exf4 Re8 15. Nc3 f6 16. Rfe1 Nf8 17. Nh4 Bd6 18. Nf5 Qc7 19. Rac1 Rxe1+ 20. Rxe1 Rd8 21. h4 Bc8 22. h5 Bxf5 23. Qxf5 Qd7 24. Qxd7 Nxd7 25. Rc1 Kf7 26. Nd1 Nb8 27. Ne3 Bf8 28. Kf1 Ke7 29. Ke2 Kd6 30. Kd3 a5 31. g4 Na6 32. a3 Nc7 33. Nf5+ Kd7 34. Ng3 Ne6 35. Ne2 Bd6 36. f5 Nf4+ 37. Nxf4 Bxf4 38. Re1 h6 39. Re6 a4 40. Bf3 Ra8 41. Bd1 Ra5 42. Kc3 Bd6 43. g5 fxg5 44. Bg4 Kc7 45. Rg6 Bf8 46. f6 gxf6 47. Rxf6 Bd6 48. Rxh6 c5 49. Rh7+ Kb8 50. h6 cxd4+ 51. Kxd4 Bc5+ 52. Kd3 Rb5 53. Rd7 Rb3+ 54. Kc2 Bd4 55. Rxd5 1-0

[Event "Titled Tuesday intern op 12th Mar Late"]
[Site "Chess.com INT"]
[Date "2024.03.12"]
[Round "8"]
[White "Martinez Alcantara, Jose Eduardo"]
[Black "Alekseenko, Kirill"]
[Result "0-1"]
[WhiteElo "2603"]
[BlackElo "2650"]
[PlyCount "118"]
[EventDate "2024.03.12"]
[EventType "swiss (blitz)"]
[EventRounds "11"]
[EventCountry "USA"]
[SourceTitle "CB12_2024"]
[SourceDate "2023.10.01"]
[SourceVersion "1"]
[SourceVersionDate "2023.10.01"]
[SourceQuality "1"]

1. e4 e5 2. Nf3 Nc6 3. Nc3 Nf6 4. h3 Bb4 5. a3 Bxc3 6. dxc3 d6 7. Bd3 0-0 8. Bg5 Be6 9. Qd2 Nb8 10. 0-0-0 Nbd7 11. Bh4 Qb8 12. Ng5 b5 13. f4 exf4 14. Qxf4 a5 15. Nf3 b4 16. e5 bxc3 17. bxc3 Nd5 18. Qe4 g6 19. Qe1 Nc5 20. Bc4 Na4 21. Bxd5 Qb2+ 22. Kd2 Bxd5 23. Ke3 c6 24. Bf6 Rfe8 25. Qh4 Re6 26. Kf2 Nxc3 27. Qh6 Ne4+ 28. Kg1 Nxf6 29. exf6 Qxf6 30. Ng5 Re2 31. Qxh7+ Kf8 32. Qh6+ Qg7 33. Qxg7+ Kxg7 34. Rh2 Rxc2 35. g4 Rxh2 36. Kxh2 Rb8 37. h4 Rb2+ 38. Kh3 Rb3+ 39. Kh2 Rxa3 40. Re1 Ra2+ 41. Kg3 Ra3+ 42. Kh2 a4 43. Re7 Rc3 44. Ra7 a3 45. Nh3 a2 46. Nf4 Rc1 47. Nxd5 a1Q 48. Rxa1 Rxa1 49. Ne3 Ra3 50. Ng2 c5 51. h5 gxh5 52. gxh5 Kh6 53. Nf4 c4 54. Nd5 c3 55. Ne3 c2 56. Nf5+ Kh7 57. Ng3 c1Q 58. Nf5 Qf4+ 59. Ng3 Qxg3+ 0-1

[Event "Titled Tuesday intern op 12th Mar Early"]
[Site "Chess.com INT"]
[Date "2024.03.12"]
[Round "3"]
[White "Panesar, Vedant"]
[Black "Alekseenko, Kirill"]
[Result "0-1"]
[WhiteElo "2462"]
[BlackElo "2650"]
[PlyCount "36"]
[EventDate "2024.03.12"]
[EventType "swiss (blitz)"]
[EventRounds "11"]
[EventCountry "USA"]
[SourceTitle "CB12_2024"]
[SourceDate "2023.10.01"]
[SourceVersion "1"]
[SourceVersionDate "2023.10.01"]
[SourceQuality "1"]

1. d4 d5 2. Nc3 Nf6 3. Bf4 e6 4. Nb5 Na6 5. e3 Be7 6. Nf3 0-0 7. h4 c6 8. Nc3 Nc7 9. Bd3 Nce8 10. Ne5 Nd6 11. Qf3 Nd7 12. Kd1 f6 13. Qh5 f5 14. Nxd7 Bxd7 15. Bxd6 Bxd6 16. f4 c5 17. g4 Be8 18. Qg5 Be7 0-1

[Event "Titled Tuesday intern op 13th Feb Late"]
[Site "Chess.com INT"]
[Date "2024.02.13"]
[Round "11"]
[White "Alekseenko, Kirill"]
[Black "Nakamura, Hikaru"]
[Result "1/2-1/2"]
[WhiteElo "2650"]
[BlackElo "2788"]
[PlyCount "124"]
[EventDate "2024.02.13"]
[EventType "swiss (blitz)"]
[EventRounds "11"]
[EventCountry "USA"]
[SourceTitle "CB08_2024"]
[SourceDate "2024.02.21"]
[SourceVersion "1"]
[SourceVersionDate "2024.02.21"]
[SourceQuality "1"]

1. e4 c6 2. Nf3 d5 3. d3 Bg4 4. h3 Bxf3 5. Qxf3 e6 6. Nc3 Nf6 7. g3 Bb4 8. Bd2 d4 9. Nb1 Qb6 10. b3 a5 11. a4 Na6 12. Bg2 Qc5 13. Qd1 Bxd2+ 14. Qxd2 Nb4 15. Na3 b5 16. 0-0 0-0 17. f4 Rac8 18. Kh2 Nd7 19. Rf2 Nb6 20. Nb1 bxa4 21. bxa4 e5 22. fxe5 Rce8 23. Qd1 Rxe5 24. Nd2 Rd8 25. Nf3 Re7 26. Qd2 Nd7 27. Raf1 f6 28. Nh4 g6 29. Qh6 Rg7 30. Bf3 Qg5 31. Qxg5 fxg5 32. Ng2 Rf7 33. Bg4 Rxf2 34. Rxf2 Ne5 35. Be6+ Kg7 36. Ne1 h5 37. Kg2 Rd6 38. Bb3 g4 39. hxg4 hxg4 40. Kf1 c5 41. Ke2 Rb6 42. Kd2 Rb8 43. Be6 Rh8 44. Rg2 Rh1 45. Ke2 Na2 46. Bxa2 Kf6 47. Bb3 Ke7 48. Rf2 Rg1 49. Rg2 Rh1 50. Kf2 g5 51. Rg1 Rh2+ 52. Ng2 Rh6 53. Rb1 Rf6+ 54. Ke2 Rf3 55. Bd5 Rxg3 56. Ne1 Rh3 57. Rb7+ Kd8 58. Rg7 Rh2+ 59. Kf1 Rh1+ 60. Ke2 Rh2+ 61. Kf1 Rh1+ 62. Ke2 Rh2+ 1/2-1/2

[Event "Titled Tuesday intern op 13th Feb Late"]
[Site "Chess.com INT"]
[Date "2024.02.13"]
[Round "5"]
[White "Andreikin, Dmitry"]
[Black "Alekseenko, Kirill"]
[Result "0-1"]
[WhiteElo "2729"]
[BlackElo "2650"]
[PlyCount "70"]
[EventDate "2024.02.13"]
[EventType "swiss (blitz)"]
[EventRounds "11"]
[EventCountry "USA"]
[SourceTitle "CB08_2024"]
[SourceDate "2024.02.21"]
[SourceVersion "1"]
[SourceVersionDate "2024.02.21"]
[SourceQuality "1"]

1. e4 e5 2. Nf3 Nc6 3. d4 exd4 4. Nxd4 Bc5 5. Be3 Qf6 6. c3 Nge7 7. Bb5 Bb6 8. 0-0 0-0 9. a4 a5 10. Re1 d5 11. Nxc6 bxc6 12. Bd3 Bxe3 13. Rxe3 Ng6 14. Nd2 Be6 15. e5 Qe7 16. Qh5 Rab8 17. b3 f5 18. exf6 Qxf6 19. Nf3 Bf5 20. Bxf5 Qxf5 21. Qxf5 Rxf5 22. b4 axb4 23. cxb4 Rf4 24. Rb3 c5 25. b5 c4 26. Rbb1 d4 27. a5 d3 28. Rb4 c3 29. Rb3 Rc4 30. a6 Nf4 31. a7 Ra8 32. Kf1 c2 33. Rc1 Ne2 34. Nd2 Nxc1 35. Ra3 Ne2 0-1

[Event "Titled Tuesday intern op 13th Feb Late"]
[Site "Chess.com INT"]
[Date "2024.02.13"]
[Round "9"]
[White "Deac, Bogdan Daniel"]
[Black "Alekseenko, Kirill"]
[Result "1-0"]
[WhiteElo "2690"]
[BlackElo "2650"]
[PlyCount "83"]
[EventDate "2024.02.13"]
[EventType "swiss (blitz)"]
[EventRounds "11"]
[EventCountry "USA"]
[SourceTitle "CB08_2024"]
[SourceDate "2024.02.21"]
[SourceVersion "1"]
[SourceVersionDate "2024.02.21"]
[SourceQuality "1"]

1. e4 e5 2. Nf3 Nc6 3. Bb5 a6 4. Ba4 d6 5. 0-0 Bd7 6. d4 b5 7. Bb3 Nxd4 8. Nxd4 exd4 9. c3 dxc3 10. Qh5 Qe7 11. Nxc3 Nf6 12. Qf3 c6 13. Bf4 Ng4 14. Rad1 Qf6 15. Qg3 Be6 16. Bxd6 Bxd6 17. Rxd6 Nh6 18. f4 Qe7 19. Bxe6 Qxd6 20. Qxg7 Ke7 21. Qg5+ Kxe6 22. f5+ Kd7 23. Rd1 Qxd1+ 24. Nxd1 Ng8 25. f6 h5 26. Qg7 Nh6 27. Qg5 Rag8 28. Qxh5 Rg6 29. Qf3 Ng4 30. Qf5+ Kc7 31. h3 Nxf6 32. e5 Rh5 33. Qf4 Nd5 34. Qxf7+ Kb6 35. Qxg6 Nf4 36. Qe4 Rh4 37. Qe3+ Kc7 38. Nf2 Nd5 39. Qa7+ Kd8 40. Ng4 Rh5 41. Nf6 Rxe5 42. Qd7# 1-0

[Event "Titled Tuesday intern op 13th Feb Late"]
[Site "Chess.com INT"]
[Date "2024.02.13"]
[Round "2"]
[White "Taboas Rodriguez, Daniel"]
[Black "Alekseenko, Kirill"]
[Result "0-1"]
[WhiteElo "2360"]
[BlackElo "2650"]
[PlyCount "82"]
[EventDate "2024.02.13"]
[EventType "swiss (blitz)"]
[EventRounds "11"]
[EventCountry "USA"]
[SourceTitle "CB08_2024"]
[SourceDate "2024.02.21"]
[SourceVersion "1"]
[SourceVersionDate "2024.02.21"]
[SourceQuality "1"]

1. d4 d5 2. Nf3 Nf6 3. c4 dxc4 4. e3 Bg4 5. Bxc4 e6 6. Qa4+ c6 7. Bd3 Bxf3 8. gxf3 Nbd7 9. f4 Nb6 10. Qc2 Qd5 11. Rg1 Qh5 12. Rg2 Nfd5 13. a3 f5 14. Nd2 g6 15. Be2 Qh3 16. Bf1 Qh6 17. Nf3 Bd6 18. Bd2 0-0-0 19. Ng5 Rd7 20. Nxe6 Re8 21. Nc5 Bxc5 22. dxc5 Na8 23. 0-0-0 Nac7 24. Bc4 Red8 25. Be2 Nf6 26. Bc3 Rxd1+ 27. Bxd1 Ne4 28. Bf3 Nxc3 29. Qxc3 Qh3 30. Rg3 Qf1+ 31. Kc2 Qxf2+ 32. Kb3 Nb5 33. Qe5 Rd3+ 34. Ka4 Qc2+ 35. Ka5 Qd2+ 36. Ka4 Rxe3 37. Qh8+ Qd8 38. Qxh7 Qd4+ 39. Ka5 Rxa3+ 40. bxa3 Qc3+ 41. Ka4 Qxa3# 0-1

[Event "Chessable Play In Match D3"]
[Site "Chess.com INT"]
[Date "2024.02.01"]
[Round "1.3"]
[White "Alekseenko, Kirill"]
[Black "Bluebaum, Matthias"]
[Result "1-0"]
[WhiteElo "2650"]
[BlackElo "2658"]
[PlyCount "97"]
[EventDate "2024.02.01"]
[EventType "k.o. (rapid)"]
[EventRounds "1"]
[EventCountry "USA"]
[SourceTitle "CB06_2024"]
[SourceDate "2024.02.07"]
[SourceVersion "1"]
[SourceVersionDate "2024.02.07"]
[SourceQuality "1"]

1. e4 e6 2. d4 d5 3. Nd2 c5 4. Ngf3 cxd4 5. Nxd4 Nf6 6. e5 Nfd7 7. N2f3 Nc6 8. Bf4 Be7 9. Bb5 Nxd4 10. Nxd4 0-0 11. 0-0 Nc5 12. Re1 Bd7 13. Bf1 Ne4 14. c3 Qb6 15. Rb1 f5 16. exf6 Bxf6 17. Be3 Qc7 18. Bd3 Nc5 19. Bc2 g6 20. Nf3 Rae8 21. Bd4 b6 22. Ne5 Bc8 23. Qg4 Qg7 24. Qg3 Nd7 25. Ba4 Re7 26. Bxd7 Bxd7 27. Re3 Ba4 28. b3 Bb5 29. Rbe1 Ree8 30. h3 Qe7 31. Qg4 Qg7 32. Rf3 Ba6 33. Qg3 Bc8 34. Rxf6 Qxf6 35. Ng4 Qf4 36. Be5 Qg5 37. Nf6+ Qxf6 38. Bxf6 Rxf6 39. Re5 Bd7 40. h4 Kf7 41. h5 Rc8 42. Rg5 Be8 43. hxg6+ hxg6 44. Qh3 Kg7 45. Rg4 Rf5 46. Rh4 Bf7 47. g4 Re5 48. Rh7+ Kf6 49. Qf3+ 1-0

[Event "Chessable Play In Match D3"]
[Site "Chess.com INT"]
[Date "2024.02.01"]
[Round "1.4"]
[White "Bluebaum, Matthias"]
[Black "Alekseenko, Kirill"]
[Result "1/2-1/2"]
[WhiteElo "2658"]
[BlackElo "2650"]
[PlyCount "60"]
[EventDate "2024.02.01"]
[EventType "k.o. (rapid)"]
[EventRounds "1"]
[EventCountry "USA"]
[SourceTitle "CB06_2024"]
[SourceDate "2024.02.07"]
[SourceVersion "1"]
[SourceVersionDate "2024.02.07"]
[SourceQuality "1"]

1. d4 Nf6 2. c4 e6 3. Nc3 Bb4 4. g3 0-0 5. Bg2 d5 6. Nf3 Ne4 7. Qc2 Nd7 8. 0-0 Bxc3 9. bxc3 Nb6 10. Ne5 f6 11. cxd5 exd5 12. Nd3 Re8 13. f3 Nd6 14. e4 dxe4 15. fxe4 Nxe4 16. Nf4 Nd6 17. Bd2 Bf5 18. Qb3+ Kh8 19. Rae1 Qd7 20. Nd5 Be4 21. Nxb6 axb6 22. Bf4 Bxg2 23. Kxg2 Rxe1 24. Rxe1 Re8 25. Rxe8+ Qxe8 26. Bxd6 Qe2+ 27. Kh3 Qh5+ 28. Kg2 Qe2+ 29. Kg1 Qe1+ 30. Kg2 Qe2+ 1/2-1/2

[Event "Chessable Masters Play In"]
[Site "Chess.com INT"]
[Date "2024.01.31"]
[Round "8"]
[White "Alekseenko, Kirill"]
[Black "Pakleza, Zbigniew"]
[Result "1-0"]
[WhiteElo "2650"]
[BlackElo "2482"]
[PlyCount "55"]
[EventDate "2024.01.31"]
[EventType "swiss (rapid)"]
[EventRounds "9"]
[EventCountry "USA"]
[SourceTitle "CB06_2024"]
[SourceDate "2024.02.07"]
[SourceVersion "1"]
[SourceVersionDate "2024.02.07"]
[SourceQuality "1"]

1. e4 d6 2. Bc4 Nf6 3. d3 c6 4. Bb3 Bg4 5. Nf3 e6 6. h3 Bh5 7. Qe2 Be7 8. Bf4 d5 9. Nbd2 Na6 10. c3 Nc5 11. Bc2 a5 12. a4 h6 13. g4 Bg6 14. Ne5 Bh7 15. h4 Nfd7 16. g5 Bg8 17. gxh6 gxh6 18. 0-0-0 Nxe5 19. Bxe5 f6 20. Bg3 Qb6 21. d4 Nxe4 22. Nxe4 dxe4 23. Qxe4 Bf7 24. Rhe1 h5 25. Qf4 Rg8 26. Rd2 Kd7 27. Bf5 Rae8 28. d5 1-0